Normal view MARC view
  • Telecommunication Engineering-MS-Thesis

Entry Topical Term

Number of records used in: 2

001 - CONTROL NUMBER

  • control field: 35058

003 - CONTROL NUMBER IDENTIFIER

  • control field: NUST

005 - DATE AND TIME OF LATEST TRANSACTION

  • control field: 20201110125202.0

008 - FIXED-LENGTH DATA ELEMENTS

  • fixed length control field: 201110|| aca||aabn | a|a d

040 ## - CATALOGING SOURCE

  • Original cataloging agency: NUST
  • Transcribing agency: NUST

150 ## - HEADING--TOPICAL TERM

  • Topical term or geographic name entry element: Telecommunication Engineering-MS-Thesis

670 ## - SOURCE DATA FOUND

  • Source citation: Work cat.: (NUST): Ahmad, Mansoor 35057, Validation of International Prediction Models for HF Communication in Pakistan /, 2014.
© 2023 Central Library, National University of Sciences and Technology. All Rights Reserved.